Catálogo

CULTURA Y POLITICA LATINA (Registro nro. 7230)

Detalles MARC
000 -LEADER
fixed length control field 00484nam a2200157 a 4500
001 - CONTROL NUMBER
control field 7230
005 - DATE AND TIME OF LATEST TRANSACTION
control field 20180713191123.0
008 - FIXED-LENGTH DATA ELEMENTS--GENERAL INFORMATION
fixed length control field 140415s1990 mx 000 0 spa d
041 ## - LANGUAGE CODE
Language code of text/sound track or separate title spa
082 ## - DEWEY DECIMAL CLASSIFICATION NUMBER
Classification number 306.98
Item number CUL
245 00 - TITLE STATEMENT
Title CULTURA Y POLITICA LATINA
250 ## - EDITION STATEMENT
Edition statement 1a ed.
260 ## - PUBLICATION, DISTRIBUTION, ETC.
Place of publication, distribution, etc. MEXICO :
Name of publisher, distributor, etc. SIGLO VEINTIUNO EDITORES,
Date of publication, distribution, etc. 1990
300 ## - PHYSICAL DESCRIPTION
Extent 378
650 14 - SUBJECT ADDED ENTRY--TOPICAL TERM
Topical term or geographic name entry element AMERICA LATINA
General subdivision CONDICIONES ECONOMICAS
-- AMERICA LATINA
-- CONDICIONES SOCIALES
-- AMERICA LATINA
-- POLITICA
Existencias
Withdrawn status Lost status Source of classification or shelving scheme Damaged status Not for loan Collection code Home library Current library Shelving location Date acquired Source of acquisition Inventory number Total Checkouts Full call number Barcode Date last seen Price effective from Koha item type
    Dewey Decimal Classification     General Biblioteca Karol Wojtyla Biblioteca Karol Wojtyla Sala general 03/12/2013 Compra 151000000000000000052960   306.98 CUL 20024 05/01/2026 03/12/2013 Libro